000 00341nam a22001217a 4500
999 _c4546
_d4546
008 250227b ||||| |||| 00| 0 eng d
020 _a9780448484082
082 _a954.96 MED
100 _aMEDINA,NICO
_eAUTHOR
245 _aWHERE IS MOUNT EVEREST
260 _a345 HUDSON STREET,NEW YORK, NEW YORK 10041
_bPENGUIN WORKSHOP
_c2015
942 _2ddc